Ukážka slohovej práce na škole I. stupňa

Bibliographic Details
Main Author: Horák, Gejza, 1919-2003 (Author)
Format: Article
Language:Slovak

MARC

LEADER 00000nab a2200000uu 4500
001 vtls011438800
003 SK-MaSNL
005 20260303151424.0
008 230222| xo |||||||||||||||||slo|
015 |a SNBRB 
035 |a (urnnbn)urn:nbn:sk:snk:ar-002u53 
035 |a (uuid)0767c49b-8d1e-4eb1-a205-c7dc5d7ee867 
035 |a urn:nbn:sk:snk-abcdnb 
040 |a SNKBUCL  |b slo  |c SNKBUCL  |e AACR2 
041 0 |a slo 
044 |a xo  |c SK 
100 1 |a Horák, Gejza,  |d 1919-2003  |4 aut  |9 104508 
245 1 0 |a Ukážka slohovej práce na škole I. stupňa  |c Gejza Horák 
773 0 |t Slovenská reč : časopis pre výskum slovenského jazyka : orgán Jazykovedného ústavu Ľudovíta Štúra Slovenskej akadémie vied  |g Roč. 17, č. 5-6 (1951-1952), s. 149-157 
954 |a odborná, vedecká literatúra pôvodná (slovenská)  |2 lita 
958 |a OND 
958 |a EUIPO 
958 |a article16 
999 |c 2017578  |d 2019508